1979 1757 1165 1970 1506 1494 1153 1077 1438 1660 1851 1665 1817 1035 1224 1447 1144 1447 1447 1757 1067 1501 1314 1169 1236 1513 1771 1655 1023 1231 1816 1449 1883 1268 1312 1283 1276 1601 1361 1343 1601 1686 1033 1959 1029 1304 1868 1805 1649 1080 1098 1341 1147 1966 1714 1107 1164 1686 1132 1255 1834 1007 1312 1452 1886 1923 1896 1359 1206 1552 1633 1233 1452 1995 1563 1747 1809 1098 1567 1081 1082 1437 1267 1022 1121 1392 1234 1551 1544 1270 1796 1503 1772 1725 1151 1791 1811 1212 1024 BCNSPRNW ULIB Ver.6.0+V

เปลี่ยนเป็นภาษาไทย

Change to English
 แสดงรายละเอียดบรรณานุกรม
  กลับหน้าหลัก

Brief Record : Get Marc (ISO 2709) : E-mail record : QR code < ปิดหน้าต่าง
สารบัญ Review โดย
ทศพร เกษรทอง
ห้องสมุดวิทยาเขตนครสวรรค์
ทศพร เกษรทอง เมื่อ17/กุมภาพันธ์/2558
บทที่ 1 บทนำวิชาโรคข้อและรูมาติสซั่ม
บทที่ 2 อาการและอาการวิทยาทางโรคข้อและรูมาติสซั่ม
บทที่ 3 การซักประวัติ
บทที่ 4 การตรวจร่างกาย
บทที่ 5 การตรวจทางห้องปฏิบัติการ
บทที่ 6 การเจาะข้อ
บทที่ 7 การวิเคราะห์น้ำในข้อ
บทที่ 8 การตรวจทางรังสี
บทที่ 9 Arthroscopy และการตรวจทางชิ้นเนื้อ 
บทที่ 10 แนวทางการดูแลผู้ป่วยโรคข้อข้อเดียว
บทที่ 11 แนวทางการดูแลผู้ป่วยโรคข้อหลายข้อ
บทที่ 12 แนวทางการดูแลผู้ป่วยที่มาด้วยอาการปวดทั้งตัว
บทที่ 13 เกณฑ์ในการจัดกลุ่มโรคและวินิจฉัยโรค

LEADER : 00000nam 2200000uu 4500
001    13399124280
003     ULIB
008    150217s2557||||th 000 0 tha d
020    ^a9786163613752
060  4 ^aWE304^bส241น
100 0  ^aสมชาย เอื้อรัตนวงศ์
245 00 ^aแนวทางการดูแลผู้ป่วยโรคข้อ =^bApproach to joint disease patient/^cสมชาย เอื้อรัตนวงศ์
250    ^aพิมพ์ครั้งที่ 1 (ฉบับปรับปรุง ครั้งที่ 2)
260    ^aกรุงเทพฯ;^bเรือนแก้วการพิมพ์,^c2557
300    ^a402 หน้า :^bภาพประกอบ;^c26 ซม.
650  7 ^aข้อ,โรค^xการวินิจฉัย
650  7 ^aรูมาติสม
650  7 ^aข้อ,ซักประวัติ,ตรวจร่างกาย
650  7 ^aกระดูกและข้ออักเสบ
945    ^p380^l0^i22838
945    ^p380^l0^i22839
999    ^aทศพร เกษรทอง
รายการนี้ยังไม่มีแท็ก
คุณยังไม่ได้ล็อกอิน คุณสามารถมีกิจกรรมร่วมกับเว็บไซต์ได้ แต่ต้องล็อกอินก่อน ::
  ล็อกอิน

รายการสื่อสารสนเทศ

ลำดับที่ ประเภท เลขเรียก/บาร์โค้ด สถานที่ สถานะ
1. วิทยาศาสตร์การแพทย์ และสุขภาพ
วิทยาศาสตร์การแพทย์ และสุขภาพ
สถานะ=หนังสือเก่า
WE304 ส241น ฉ.1 
  Barcode: 22838
ห้องสมุดวิทยาเขตนครสวรรค์
►ส่วนจัดเก็บหนังสือเก่า นว.
บนชั้น
  ขอยืม
2. วิทยาศาสตร์การแพทย์ และสุขภาพ
วิทยาศาสตร์การแพทย์ และสุขภาพ
สถานะ=หนังสือเก่า
WE304 ส241น ฉ.2 
  Barcode: 22839
ห้องสมุดวิทยาเขตนครสวรรค์
►ส่วนจัดเก็บหนังสือเก่า นว.
บนชั้น
  ขอยืม

รายการใกล้เคียง
    ผู้แต่ง [สมชาย เอื้อรัตนวงศ์]

    หัวเรื่อง [รูมาติสม]
    หัวเรื่อง [ข้อ,ซักประวัติ,ตรวจร่างกาย]
    หัวเรื่อง [กระดูกและข้ออักเสบ]

BibComment


ยังไม่เคยถูกคอมเมนท์

คอมเมนท์ทรัพยากรรายการนี้
  คอมเมนท์: แนวทางการดูแลผู้..


 Copyright 2026. Bcnsprnw @Library